000 00860nam a2200253Ia 4500
003 OSt
005 20220923224229.0
006 a|||||r|||| 00| 0
007 ta
008 220922b |||||||| |||| 00| 0 hin d
024 _a229,857
037 _cTextual
040 _aARTS
_cARTS
_bhin
041 _2hin
_ahin
082 _aO152,3M80x, N4
100 _aवर्मा, निर्मल, संपा.
245 0 _aप्रेमचन्द
_b रचना संचयन
246 _aPremachanda: rachanā sanchayana
260 _aनई दिल्ली
_b साहित्य अकादमी
_c1994
300 _a1038पृ.
_ccm.
650 _aहिन्दी साहित्य
_9156264
942 _hO152,3M80x, N4
_cTEXL
_2CC
999 _c370121
_d370121